000 01525nam a22002897i 4500
999 _c23620
_d23620
003 AR-CdUCM
008 260422b20192019pe d|||| |||| 00| 0 spa d
020 _a978-612-304-583-8
040 _aMUNICIPALIDAD PROVINCIAL DEL CUSCO
_cBIBLIOTECA MUNICIPAL DEL CUSCO
041 _hspa
082 _a629.892
_bO64
100 _aOrellano Benancio, Lizbardo
_952636
245 _aArduino :
_bSensores, Actuadores y Robot Soccer /
260 _aLima, Perú :
_bEmpresa Editora Macro E.I.R.L.
_c2019
300 _a101 páginas. :
_c17,5x25 cm.
500 _zBibliografía : página 103
505 _aInstrumentos de medición, equipos y dispositivos electrónicos comerciales y simulados -- Diagramas de flujos y programación de entradas digitales con Arduino -- Las entradas analógicas y los sensores de temperatura -- El sensor de gas simulado -- Simulación de salidas analógicas con PWM y el control de servomotores -- El sonido, el buzzer y el sensor ultrasónico simulado -- Los periféricos y la pantalla LCD -- Dispositivos y módulos de potencia con un Arduino real -- Comunicación inalámbrica y uso del módulo Bluetooth -- Proyecto final de implementación, configuración y programación de un robot soccer
650 _aRobótica
_952637
650 _aSensores
_952645
650 _aActuadores
_952646
650 _aGenerador de funciones
_952647
650 _aLos chips
_952648
650 _aLa app
_952649
856 _fwww.editorialmacro.com
942 _2ddc
_cLIBROS
945 _aesh
_d22-04-2026